|
|
|
|
| LEADER |
00870nam a22002297a 4500 |
| 001 |
AAL2578 |
| 003 |
BD-DhAAL |
| 005 |
20160525094601.0 |
| 008 |
160525s 1994bg ||||| |||| 00| 0 ben d |
| 020 |
|
|
|a 9848088040
|
| 040 |
|
|
|a BD-DhAAL
|c BD-DhAAL
|
| 082 |
|
|
|a 301
|
| 100 |
|
|
|a শরীফ, আহমদ
|9 19585
|
| 245 |
|
|
|a প্রগতির বাধা ও পন্থা /
|c আহমদ শরীফ
|
| 260 |
|
|
|a ঢাকা :
|b সন্দেশ প্রকাশনী,
|c ১৯৯৪
|
| 300 |
|
|
|a ১৫২ পৃ. ;
|c ২২ সে.মি.
|
| 541 |
|
|
|e 2578
|
| 650 |
|
|
|a সমাজবিঞ্জান
|9 19586
|
| 852 |
|
|
|a Savar Campus Library
|c General Stacks
|
| 942 |
|
|
|2 ddc
|c BK
|
| 999 |
|
|
|c 37569
|d 37569
|
| 952 |
|
|
|0 0
|1 0
|2 ddc
|4 0
|6 301_000000000000000_SHA
|7 0
|9 59041
|a SCL
|b SCL
|c GEN
|d 2016-05-25
|g 95.00
|l 0
|o 301 SHA
|p 3020002578
|r 2016-05-25
|t 1
|w 2016-05-25
|y BK
|